Evaluación sobre el uso e impacto de los libros de texto (Record no. 9136)
[ view plain ]
| 000 -LEADER | |
|---|---|
| campo de control de longitud fija | 00335nam a2200133Ia 4500 |
| 001 - NÚMERO DE CONTROL | |
| campo de control | 2088 |
| 008 - DATOS DE LONGITUD FIJA--INFORMACIÓN GENERAL | |
| campo de control de longitud fija | 241024s9999 xx 000 0 und d |
| 082 ## - NÚMERO DE LA CLASIFICACIÓN DECIMAL DEWEY | |
| Número de clasificación | RD/370.97293/M870e |
| 100 ## - ENTRADA PRINCIPAL--NOMBRE DE PERSONA | |
| Nombre de persona | Ramón Morrison |
| 245 #0 - MENCIÓN DEL TÍTULO | |
| Título | Evaluación sobre el uso e impacto de los libros de texto |
| 260 ## - PUBLICACIÓN, DISTRIBUCIÓN, ETC. | |
| Nombre del editor, distribuidor, etc. | Ed. Centenario |
| 590 ## - NOTA LOCAL (RLIN) | |
| Nota local | si |
No items available.